Most-Visited Cities in Europe - Statistics

General Stats
  • This quiz has been taken 73,655 times
    73,279 since last reset
  • The average score is 17 of 21
Answer Stats
Visitors City % Correct
19.2 m London
99%
17.6 m Paris
99%
10.1 m Rome
97%
5.44 m Madrid
96%
5.96 m Berlin
95%
6.71 m Barcelona
92%
8.34 m Amsterdam
87%
5.51 m Moscow
86%
5.73 m Athens
85%
3.54 m Lisbon
83%
6.48 m Milan
81%
5.21 m Dublin
80%
6.41 m Vienna
79%
3.94 m Brussels
77%
4.07 m Munich
74%
8.95 m Prague
74%
5.50 m Venice
71%
3.83 m Budapest
69%
13.4 m Istanbul
67%
4.00 m St. Petersburg
58%
5.06 m Florence
51%
No matching quizzes found
Score Distribution
Percent of People with Each Score
Percentile by Number Answered
Your Score History
You have not taken this quiz since the last reset